Statistiques concernant Grille de mots mini #3

Cliquez ici pour prendre le quiz!

Statistiques générales

  • Ce quiz a été pris 93 fois
  • Le résultat moyen est 21 sur 25

Statistiques - réponses

Place de la lettreRéponses% Correct
1 AB
93%
3 AA
91%
1 BE
91%
1 CA
89%
2 AE
89%
1 EN
89%
1 DR
89%
2 EE
88%
3 ET
88%
2 BC
87%
5 EE
87%
5 AS
87%
4 ET
87%
4 AT
87%
3 BL
85%
5 BT
84%
4 BO
83%
2 CR
83%
5 DR
83%
3 DS
83%
4 DE
82%
5 CE
82%
2 DU
82%
3 CO
81%
4 CL
79%

Distribution des résultats

Percentile par nombre de réponses

% des personnes avec chaque résultat

Votre développement - résultats

Vous n’avez pas pris ce quiz